| 000 | 01093nac a22002411u 4500 | ||
|---|---|---|---|
| 010 | _a 91007637 | ||
| 020 | _a1558883150 (lib. bdg. : acid-free paper) : | ||
| 082 | 0 | 0 |
_a338.04092273 _aB _bARO |
| 090 |
_c7016 _d7016 |
||
| 100 | _aAronoff, Craig E. | ||
| 245 | 0 | 0 |
_aContemporary entrepreneurs : _bprofiles of entrepreneurs and the businesses they started, representing 74 companies in 30 industries : including biographical information ... / _cedited by Craig E. Aronoff and John L. Ward. |
| 260 |
_aDetroit, Mich. : _bOmnigraphics,c1992. _cc1992. |
||
| 300 |
_axviii, 488 p. ; _c24 cm. |
||
| 500 | _aDonations - AUC. | ||
| 500 | _aDonations. | ||
| 504 | _aIncludes bibliographical references and index. | ||
| 511 | _aCatalogued By: Mahitab. | ||
| 650 | 0 |
_aBusinesspeople _zUnited States _xBiography. |
|
| 650 | 0 |
_aBusiness enterprises _zUnited States _xHistory. |
|
| 700 | 1 |
_aWard, John L., _c1945- |
|
| 942 |
_cBB _k338.04092273ARO |
||
| 999 |
_c7016 _d7016 |
||